LEADER 00949nam 2200337 450 001 9910148755103321 005 20221215211635.0 010 $a1-68330-634-1 035 $a(CKB)3710000000922044 035 $a(MiAaPQ)EBC5371245 035 $a(EXLCZ)993710000000922044 100 $a20180612d2016 uy 0 101 0 $aeng 135 $aurcnu|||||||| 181 $ctxt$2rdacontent 182 $cc$2rdamedia 183 $acr$2rdacarrier 200 00$aAmerican inventions $ebig ideas that changed modern life 210 1$aNew York :$cTime Inc. Books,$d2016. 215 $a1 online resource (197 pages) $cillustrations (some color), photographs 311 $a1-61893-819-3 606 $aInventions$zUnited States 615 0$aInventions 676 $a608.773 801 0$bMiAaPQ 801 1$bMiAaPQ 801 2$bMiAaPQ 906 $aBOOK 912 $a9910148755103321 996 $aAmerican inventions$92983822 997 $aUNINA LEADER 01122nam0 22003011i 450 001 RML0274848 005 20231121125727.0 010 $a8815014802 100 $a20121121d1987 ||||0itac50 ba 101 | $aita 102 $ait 181 1$6z01$ai $bxxxe 182 1$6z01$an 200 1 $aHumana conditio$eosservazioni sullo sviluppo dell'umanità nel quarantesimo anniversario della fine di una guerra$fNorbert Elias 210 $aBologna $cIl Mulino $d©1987 215 $a113 p.$d21 cm 300 $atrad. di Alessandro Cavalli 606 $aFILOSOFIA DELLA STORIA$xSAGGI$2FIR$3SBLC058980$9I 676 $a901$9FILOSOFIA E TEORIA DELLA STORIA$v21 700 1$aElias$b, Norbert$3RMLV161863$0118152 801 3$aIT$bIT-01$c20121121 850 $aIT-FR0017 899 $aBiblioteca umanistica Giorgio Aprea$bFR0017 912 $aRML0274848 950 0$aBiblioteca umanistica Giorgio Aprea$d 52CIS 5/78$e 52VM 0000448645 VM barcode:00012735. - Inventario:17793VM$fA $h20040528$i20121204 977 $a 52 996 $aHumana conditio$927613 997 $aUNICAS